Comportamiento del consumidor /
Guardado en:
| Autor Principal: | |
|---|---|
| Otros Autores: | |
| Formato: | Libro |
| Idioma: | Spanish English |
| Publicado: |
Naucalpan de Juárez, México :
Prentice-Hall Hispanoamericana,
c1997.
|
| Edición: | 5a. ed. |
| Materias: | |
| Etiquetas: |
Agregar Etiqueta
Sin Etiquetas, Sea el primero en etiquetar este registro!
|
| LEADER | 01033pam a2200265 a 4500 | ||
|---|---|---|---|
| 001 | EAD.ead004752 | ||
| 008 | 931001s1997####mx#a#####b####001#0#spa## | ||
| 005 | 20241217135613.0 | ||
| 245 | 1 | 0 | |a Comportamiento del consumidor / |c Leon G. Schiffman, Leslie Lazar Kanuk ; traducción, Adolfo Deras Quiñones ; revisión técnica, Alejandro Roberto Rodas Carpizo. |
| 250 | |a 5a. ed. | ||
| 260 | |a Naucalpan de Juárez, México : |b Prentice-Hall Hispanoamericana, |c c1997. | ||
| 300 | |a xix, 684 p. : |b il. ; |c 27 cm. | ||
| 500 | |a Título original en inglés: Consumer behavior. | ||
| 504 | |a Incluye referencias bibliográficas e índice. | ||
| 020 | |a 968880617X | ||
| 100 | 1 | |a Schiffman, Leon G. | |
| 700 | 1 | |a Kanuk, Leslie Lazar. | |
| 082 | 0 | 4 | |a 658.8342 |2 21 |
| 650 | 7 | |a Comportamiento del consumidor. |2 isoc | |
| 650 | 7 | |a Marketing. |2 isoc | |
| 650 | 7 | |a Estrategia comercial. |2 isoc | |
| 010 | |a 93038128 | ||
| 040 | |a DLC |c DLC |d DLC |d AR-BaBDC | ||
| 041 | 1 | |a spa |h eng | |
| 859 | |a AR-BaBDC |b BIB. ADMINISTRACION - Libros |h 658.8342 |i Sch32a5 |p b07429 | ||
